000 00711nam a2200217Ia 4500
003 OSt
005 20220926030316.0
006 a|||||r|||| 00| 0
007 ta
008 220923b |||||||| |||| 00| 0 eng d
037 _cGeneral Book
040 _aRTL
_cRTL
_beng
041 _2eng
_aeng
082 _aY:5.214sN91, P0.33
100 _aCensus of India, 1991
245 0 _aEconomic tables
_b Pondicherry Vol. 1, Pt. IIIB- B, Table B-2-3, B-6-7-8-9, B-12-13 (I) (II), B-14-15 (I-II), B16-17-18 (F)
260 _aPondicherry
_bGovt. of India
_c1991
300 _aVII, 627p
_ccm.
942 _hY:5.214sN91, P0.33
_cGB
_2CC
999 _c649291
_d649291